| 000 | 01481nam a2200217Ia 4500 | ||
|---|---|---|---|
| 003 | Ost | ||
| 005 | 20260507075057.0 | ||
| 008 | 260507s9999||||xx |||||||||||||| ||und|| | ||
| 040 | _cfsecg | ||
| 041 | _aara | ||
| 082 | _a216.94 | ||
| 100 |
_aالمصري، أحمد محمد _eمؤلف |
||
| 245 | 0 |
_aالإدارة في الإسلام / _c أحمد محمد المصري |
|
| 260 |
_aالإسكندرية: _bمؤسسة شباب الجامعة, _c2004 |
||
| 300 |
_a223 صفحة؛ _c24 سم |
||
| 504 | _aبيبليوغرافيا ص.223 | ||
| 520 | _aالأرزاق والتجارة،التجارة في أرض الحجاز،فلسفة الإدارة في بداية ظهور الإسلام،سمات الإدارة الحكومية في الدولة الإسلامية،السلوك الإداري في الإسلام،إدارة الموارد البشرية وشؤون الأفراد بالمفهوم الاسلامي،كفاءة الإدارة وتقييم الأداء،مقارنة بين نظرية الإدارة في الاسلام ونظريات الادارة المعاصرة،الإدارة المالية في الإسلام،إدارة البنوك الاسلامية،البيع في المنهج الاسلامي | ||
| 653 | _aاقتصاد | ||
| 653 | _aالإدارة -إسلام | ||
| 942 | _cكتاب | ||
| 999 |
_c42754 _d42754 |
||